000 00517nam a22001817a 4500
005 20150825112936.0
010 _aENG-113552
020 _c499.00
_a9789350099209
035 _aEN- 97084
037 _bDBAD/PUB
082 _aN
100 _aMajumdar, Saikat
245 _aThe firebird /
_cby Saikat Majumdar
260 _aGurgaon
_bHachette Book Publishing
_c2015
270 _a4th & 5th Floors, Corporate Center, Plot No. 94, Sector 44
_bGurgaon
_e122003
300 _a233p.
_c21cm(Hb)
942 _2ddc
_cEN
_mMAJ
_hN
999 _c95086
_d95086